[Event "Women's Speed Chess Q3"]
[Site "chess.com INT"]
[Date "2021.05.30"]
[Round "2"]
[White "Nandhidhaa, P V"]
[Black "Narva, Regina"]
[Result "1-0"]
[WhiteTitle "WGM"]
[BlackTitle "WFM"]
[WhiteElo "2365"]
[BlackElo "1901"]
[WhiteFideId "5050847"]
[BlackFideId "4500237"]
[EventDate "2021.05.30"]

1. b3 Nf6 2. Bb2 g6 3. Bxf6 exf6 4. c4 Bg7 5. Nc3 O-O 6. g3 d6 7. Bg2 Nc6 8. e3
f5 9. Nge2 Be6 10. d4 Bd7 11. O-O a6 12. Rb1 Rb8 13. b4 b5 14. c5 dxc5 15. bxc5
b4 16. Nd5 Be6 17. Nef4 a5 18. Nxe6 fxe6 19. Nf4 e5 20. Ne6 Qd7 21. Nxf8 Rxf8
22. Qb3+ Kh8 23. d5 Na7 24. a4 e4 25. Rfd1 Qf7 26. d6 g5 27. Qxf7 Rxf7 28. d7
Bf6 29. d8=Q+ Bxd8 30. Rxd8+ Kg7 31. Rbd1 f4 32. R8d7 f3 33. Rxf7+ Kxf7 34. Bh3
h5 35. Bf5 Nc6 36. Bxe4 Ne5 37. Bd5+ Kf6 38. c6 g4 39. Kf1 h4 40. Bb3 hxg3 41.
hxg3 Kf5 42. Rd7 Nxd7 43. cxd7 Ke5 44. d8=Q 1-0

[Event "Women's Speed Chess Q3"]
[Site "chess.com INT"]
[Date "2021.05.30"]
[Round "2"]
[White "Mohota, Nisha"]
[Black "Li, Xueyi"]
[Result "1-0"]
[WhiteTitle "IM"]
[BlackTitle "WGM"]
[WhiteElo "2195"]
[BlackElo "2328"]
[WhiteFideId "5004330"]
[BlackFideId "8605912"]
[EventDate "2021.05.30"]

1. b3 d5 2. Bb2 Nc6 3. Nf3 Nf6 4. e3 g6 5. c4 Bg7 6. cxd5 Qxd5 7. Nc3 Qd8 8. d4
O-O 9. Be2 Bf5 10. O-O Ne4 11. Nxe4 Bxe4 12. Rc1 a5 13. Qd2 a4 14. b4 a3 15. Ba1
Ra4 16. Bb5 Ra8 17. Be2 Rc8 18. Rfd1 Re8 19. b5 Nb8 20. Qb4 c6 21. Qxa3 cxb5 22.
Rxc8 Qxc8 23. Bxb5 Bxf3 24. gxf3 Rf8 25. Bf1 Qc2 26. Qb3 Qf5 27. Bg2 Nc6 28. e4
Qd7 29. d5 Ne5 30. f4 Ng4 31. Bxg7 Kxg7 32. h3 Nf6 33. Rb1 Rc8 34. Qxb7 Rc1+ 35.
Kh2 Qxb7 36. Rxb7 Rc2 37. Rxe7 Rxa2 38. e5 Nh5 39. e6 Kf8 40. Rxf7+ Ke8 41. d6
Re2 42. Bc6+ 1-0

[Event "Women's Speed Chess Q3"]
[Site "chess.com INT"]
[Date "2021.05.30"]
[Round "2"]
[White "Putri, Regita Desyari"]
[Black "Ribeiro, Regina"]
[Result "1-0"]
[WhiteTitle "WFM"]
[BlackTitle "WIM"]
[WhiteElo "1897"]
[BlackElo "1920"]
[WhiteFideId "7109083"]
[BlackFideId "2100681"]
[EventDate "2021.05.30"]

1. d4 Nf6 2. c4 d6 3. Nf3 g6 4. g3 Bg7 5. Bg2 O-O 6. O-O c6 7. Nc3 Nbd7 8. e4 e5
9. Re1 Re8 10. h3 Qa5 11. d5 cxd5 12. Nxd5 Nxd5 13. cxd5 f5 14. Ng5 Nc5 15. Bd2
Qb6 16. b4 Nxe4 17. Nxe4 fxe4 18. Rxe4 Bf5 19. Re2 Rf8 20. a3 Bd3 21. Be3 Bxe2
22. Qxe2 Qd8 23. h4 Rc8 24. Bh3 Rc3 25. Be6+ Kh8 26. Qd2 Qc7 27. Kh2 Rc2 28. Qd3
Qc4 29. Qxc4 Rxc4 30. Ra2 h6 31. Kg2 Kh7 32. Bxa7 Rc3 33. a4 g5 34. hxg5 hxg5
35. Be3 Kg6 36. a5 g4 37. Bxg4 Bh6 38. Bb6 Ra8 39. Bd1 e4 40. Bc2 1-0

[Event "Women's Speed Chess Q3"]
[Site "chess.com INT"]
[Date "2021.05.30"]
[Round "2"]
[White "Marjanovic, Annamaria"]
[Black "Nguyen, Thi Mai Hung"]
[Result "0-1"]
[WhiteTitle "WGM"]
[BlackTitle "WGM"]
[WhiteElo "2338"]
[BlackElo "2254"]
[WhiteFideId "750930"]
[BlackFideId "12401676"]
[EventDate "2021.05.30"]

1. c4 e6 2. g3 d5 3. Bg2 Nf6 4. Nf3 b6 5. O-O Bb7 6. b3 Nbd7 7. Bb2 Be7 8. cxd5
exd5 9. d4 O-O 10. Nbd2 Re8 11. Ne5 Ne4 12. Nxe4 dxe4 13. Nxd7 Qxd7 14. e3 Rad8
15. Rc1 c5 16. dxc5 Bxc5 17. Qe2 Qd2 18. Rc2 Qxe2 19. Rxe2 Ba6 20. Ree1 Bxf1 21.
Rxf1 Rd2 22. Rb1 Red8 23. Bxe4 Rd1+ 24. Kg2 Rxb1 25. Bxb1 Rd1 26. Be4 Rd2 27.
Bc3 Rxa2 28. Kf3 Ra3 29. Bd5 a5 30. Bb2 Ra2 31. Be5 Rc2 32. Be4 Rc1 33. Bd5 Kf8
34. Ke2 f6 35. Bf4 Rc2+ 36. Kf3 g5 37. Bb8 Ke7 38. h4 h6 39. hxg5 hxg5 40. Be4
Rb2 41. Bd5 b5 42. Ke4 Rxf2 43. Kd3 Bd6 44. Ba7 Bxg3 45. Bb6 a4 46. bxa4 bxa4
47. e4 Rb2 48. Bd4 Rb1 49. Kc2 Re1 50. Bc5+ Bd6 51. Bd4 a3 52. Kb3 g4 53. Bf2
Re2 54. Bh4 g3 55. e5 Rxe5 56. Bf3 Re3+ 0-1

[Event "Women's Speed Chess Q3"]
[Site "chess.com INT"]
[Date "2021.05.30"]
[Round "2"]
[White "Dordzhieva, Dinara"]
[Black "Nurmanova, Alua"]
[Result "0-1"]
[WhiteTitle "WGM"]
[BlackTitle "WFM"]
[WhiteElo "2334"]
[BlackElo "2008"]
[WhiteFideId "24157570"]
[BlackFideId "13729390"]
[EventDate "2021.05.30"]

1. Nf3 Nf6 2. g3 g6 3. Bg2 Bg7 4. d4 O-O 5. c4 d5 6. cxd5 Nxd5 7. O-O Nb6 8. Nc3
Nc6 9. e3 a5 10. Nh4 a4 11. f4 h6 12. Nf3 Bg4 13. h3 Bxf3 14. Bxf3 a3 15. Bxc6
bxc6 16. bxa3 Qd7 17. Kh2 Rfd8 18. Qc2 Ra5 19. Ne4 Rh5 20. Qg2 Qd5 21. Nc5 Qxg2+
22. Kxg2 Rxc5 23. dxc5 Bxa1 24. cxb6 cxb6 25. Rf2 Rd1 26. Bb2 b5 27. Bxa1 Rxa1
28. Rc2 Kf8 29. Kf3 Ke8 30. Rxc6 Rxa2 31. Rc3 Kd7 32. Rb3 Kc6 33. Rc3+ Kd5 34.
g4 e6 35. h4 f5 36. gxf5 gxf5 37. Kg3 h5 38. Kf3 Rh2 39. Kg3 Ra2 40. Kf3 Rb2 41.
Rc8 Rb3 42. Rd8+ Kc4 43. Rc8+ Kd3 44. Rc5 Kd2 45. Re5 Rxa3 46. Rxb5 Rxe3+ 47.
Kf2 Re4 48. Kf3 Ke1 49. Re5 Rxe5 50. fxe5 Kd2 51. Kf4 Kd3 52. Kg5 Ke4 53. Kxh5
f4 54. Kg4 f3 55. h5 f2 56. h6 f1=Q 57. Kg5 Qf5+ 58. Kh4 Kxe5 0-1

[Event "Women's Speed Chess Q3"]
[Site "chess.com INT"]
[Date "2021.05.30"]
[Round "2"]
[White "Dwilewicz, Katarzyna"]
[Black "Koridze, Lile"]
[Result "0-1"]
[WhiteTitle "WFM"]
[BlackTitle "WFM"]
[WhiteElo "2092"]
[BlackElo "2016"]
[WhiteFideId "1148486"]
[BlackFideId "13612514"]
[EventDate "2021.05.30"]

1. e4 c5 2. Nf3 d6 3. d4 cxd4 4. Nxd4 Nf6 5. Nc3 Nc6 6. Bg5 e6 7. Qd2 a6 8.
O-O-O Bd7 9. f3 Be7 10. h4 h6 11. Be3 h5 12. Qe1 Qc7 13. Qg3 Nxd4 14. Bxd4 O-O
15. Bxf6 Bxf6 16. Qxd6 Qxd6 17. Rxd6 Bc6 18. Bc4 Rfd8 19. Rxd8+ Rxd8 20. g3 Be5
21. Ne2 b5 22. Bd3 f5 23. exf5 exf5 24. Bxf5 Bxf3 25. Re1 Bxe2 26. Rxe2 Bxg3 27.
Bd3 Bxh4 28. Rh2 Bg5+ 29. Kd1 h4 30. Ke2 Re8+ 31. Kf3 Bf6 32. Kg4 Kf7 33. a4
bxa4 34. Bxa6 Re4+ 35. Kf3 Re5 36. Bc4+ Ke7 37. c3 Rc5 38. Bd3 a3 39. Re2+ Kd6
40. bxa3 Rxc3 41. Ke4 Rxa3 42. Rg2 Ra4+ 43. Kf3 Ke5 44. Re2+ Kd5 45. Bf5 Bg5 46.
Be6+ Kd6 47. Bg4 Rf4+ 48. Kg2 Rxg4+ 49. Kh3 Rg3+ 50. Kh2 Bf4 51. Re4 g5 52. Ra4
Ra3+ 53. Kg2 Rxa4 0-1

[Event "Women's Speed Chess Q3"]
[Site "chess.com INT"]
[Date "2021.05.30"]
[Round "2"]
[White "Ramirez, Maria Eugenia"]
[Black "Papp, Petra"]
[Result "1-0"]
[WhiteTitle "WFM"]
[BlackTitle "WGM"]
[WhiteElo "2057"]
[BlackElo "2336"]
[WhiteFideId "3301680"]
[BlackFideId "739049"]
[EventDate "2021.05.30"]

1. e4 c6 2. d4 d5 3. exd5 cxd5 4. c4 Nf6 5. Nc3 g6 6. Nf3 Bg7 7. cxd5 Nxd5 8.
Bc4 Nxc3 9. bxc3 O-O 10. O-O Qc7 11. Qd3 Bf5 12. Qe2 Nc6 13. Bd2 Na5 14. Bd3
Bxd3 15. Qxd3 Nc4 16. Rac1 b5 17. Be3 Rac8 18. Rfe1 Rfd8 19. g3 a5 20. Bf4 Qd7
21. Qe4 e6 22. Ne5 Nxe5 23. Bxe5 Bxe5 24. Qxe5 Qd5 25. f4 b4 26. cxb4 axb4 27.
Rxc8 Rxc8 28. Qxd5 exd5 29. Re2 Rc4 30. Rd2 Kf8 31. Kf2 Ke7 32. Ke3 Kd6 33. g4
Kc6 34. f5 Kb5 35. fxg6 fxg6 36. Kf4 Ka4 37. h4 Ka3 38. Ke5 Rc3 39. Kxd5 Rg3 40.
Kc6 Rxg4 41. d5 Rc4+ 42. Kb5 Rxh4 43. d6 b3 44. axb3 Rb4+ 45. Kc6 Rxb3 46. d7
Rb8 47. Kc7 Rh8 48. d8=Q Rxd8 49. Kxd8 Kb4 50. Rh2 h5 51. Ke7 Kc5 52. Kf6 Kd4 1-0

[Event "Women's Speed Chess Q3"]
[Site "chess.com INT"]
[Date "2021.05.30"]
[Round "2"]
[White "Linares Napoles, Oleiny"]
[Black "Gaponenko, Inna"]
[Result "1-0"]
[WhiteTitle "WGM"]
[BlackTitle "IM"]
[WhiteElo "2255"]
[BlackElo "2357"]
[WhiteFideId "3504794"]
[BlackFideId "14101181"]
[EventDate "2021.05.30"]

1. d4 g6 2. e4 Bg7 3. Nc3 d6 4. Bf4 a6 5. Qd2 b5 6. f3 Nd7 7. d5 Nb6 8. h4 Nf6
9. Bh6 Bxh6 10. Qxh6 b4 11. Nd1 c6 12. dxc6 Qc7 13. Bd3 Qxc6 14. Ne2 Nc4 15. g4
Ne5 16. Qe3 Qc5 17. Qxc5 dxc5 18. g5 Nh5 19. f4 Nxd3+ 20. cxd3 Bb7 21. Rc1 Rc8
22. Ne3 O-O 23. O-O Rfd8 24. Rfd1 a5 25. Kf2 Ba6 26. Nc4 Bxc4 27. Rxc4 Rc6 28.
Ke3 f6 29. Rdc1 fxg5 30. hxg5 Rdc8 31. Kf3 e5 32. fxe5 Ng7 33. d4 R6c7 34. d5
Rf8+ 35. Ke3 Rfc8 36. e6 Ne8 37. e5 Kf8 38. Rf4+ Kg8 39. Rcf1 Ng7 40. d6 Rc6 41.
e7 Nf5+ 42. Ke4 Ra8 43. R1f3 Rca6 44. Ng3 Nxg3+ 45. Rxg3 R6a7 46. Rgf3 h5 47.
Rf8+ Rxf8 48. exf8=Q+ Kh7 49. Rf7+ Rxf7 50. Qxf7+ Kh8 51. d7 1-0

[Event "Women's Speed Chess Q3"]
[Site "chess.com INT"]
[Date "2021.05.30"]
[Round "2"]
[White "Vantika, Agrawal"]
[Black "Varshini, V"]
[Result "1-0"]
[WhiteTitle "WIM"]
[BlackTitle "WGM"]
[WhiteElo "2286"]
[BlackElo "2226"]
[WhiteFideId "25050389"]
[BlackFideId "5091241"]
[EventDate "2021.05.30"]

1. d4 d5 2. c4 e6 3. Nf3 Nf6 4. g3 Be7 5. Bg2 O-O 6. O-O b6 7. cxd5 exd5 8. Nc3
Bb7 9. Bf4 Nbd7 10. Rc1 a6 11. Ne5 c5 12. Nxd7 Qxd7 13. dxc5 bxc5 14. Na4 Qb5
15. b3 Rac8 16. Be5 d4 17. Bxb7 Qxb7 18. Bxf6 Bxf6 19. Nxc5 Qb5 20. Nd3 Rc3 21.
Qd2 Rfc8 22. Nf4 h6 23. Nd3 Bg5 24. f4 Bf6 25. Rfd1 Qc6 26. Kf2 Qe4 27. Kg1 Re8
28. Re1 Rec8 29. Red1 Qc6 30. Kf2 Rc2 31. Rxc2 Qxc2 32. Qxc2 Rxc2 33. a4 Rc3 34.
Rb1 Rc2 35. Kf3 Ra2 36. Nc5 a5 37. Nd3 Kh7 38. g4 Ra3 39. b4 Ra2 40. b5 Rxa4 41.
b6 Bd8 42. b7 Bc7 43. Rc1 Bb8 44. Rc8 Ba7 45. Ra8 1-0

[Event "Women's Speed Chess Q3"]
[Site "chess.com INT"]
[Date "2021.05.30"]
[Round "2"]
[White "Dworakowska, Joanna"]
[Black "Buksa, Nataliya"]
[Result "1-0"]
[WhiteTitle "IM"]
[BlackTitle "IM"]
[WhiteElo "2322"]
[BlackElo "2414"]
[WhiteFideId "1107445"]
[BlackFideId "14123622"]
[EventDate "2021.05.30"]

1. e4 c5 2. Nf3 Nc6 3. d4 cxd4 4. Nxd4 e5 5. Nb5 d6 6. N5c3 Nf6 7. Be2 Be7 8.
O-O O-O 9. Na3 Be6 10. Nc4 d5 11. exd5 Nxd5 12. Nxd5 Bxd5 13. Ne3 Be6 14. c3
Qxd1 15. Rxd1 Rfd8 16. Bd2 f5 17. Be1 Kf7 18. f3 Bc5 19. Bf2 Bb6 20. Nc2 Bxf2+
21. Kxf2 Ke7 22. Ne3 g6 23. h4 a5 24. h5 Rxd1 25. Rxd1 Bxa2 26. hxg6 hxg6 27. c4
Nd4 28. Bd3 Rc8 29. Rh1 Ke6 30. Rh7 f4 31. Ng4 Bxc4 32. Bxg6 Kd6 33. Rxb7 Bd5
34. Rb6+ Kc5 35. Ra6 Kb5 36. Ra7 Nc6 37. Rb7+ Kc5 38. Bf5 Rf8 39. Bd7 Rd8 40.
Nf6 Nd4 41. Ra7 Nb3 42. Bf5 Kb6 43. Re7 Bc4 44. Ne4 Rd2+ 45. Nxd2 Bd5 46. Ne4 a4
47. Rxe5 Bc4 48. Be6 Bxe6 49. Rxe6+ Kb5 50. Nc3+ Kb4 51. Re4+ Kc5 52. Rxa4 Nd2
53. Rxf4 Nc4 54. Rxc4+ Kxc4 55. g4 1-0

[Event "Women's Speed Chess Q3"]
[Site "chess.com INT"]
[Date "2021.05.30"]
[Round "2"]
[White "Priyanka, K"]
[Black "Alboredo, Julia"]
[Result "0-1"]
[WhiteTitle "WIM"]
[BlackTitle "WFM"]
[WhiteElo "2218"]
[BlackElo "2182"]
[WhiteFideId "5082986"]
[BlackFideId "2124807"]
[EventDate "2021.05.30"]

1. e4 c5 2. Nf3 d6 3. d4 cxd4 4. Nxd4 Nf6 5. Nc3 g6 6. Be3 Bg7 7. f3 O-O 8. Qd2
Nc6 9. O-O-O d5 10. Kb1 Rb8 11. exd5 Nxd5 12. Nxd5 Qxd5 13. Nb3 Qxd2 14. Rxd2
Be6 15. Bd3 Rfd8 16. Rhd1 Nb4 17. Be2 Rxd2 18. Rxd2 a6 19. c3 Nc6 20. Nd4 Nxd4
21. Bxd4 Rd8 22. Be3 Rxd2 23. Bxd2 Bf5+ 24. Kc1 h5 25. Bd1 h4 26. Bg5 h3 27.
gxh3 f6 28. Bf4 Bxh3 29. Kd2 e5 30. Be3 Be6 31. b3 Kf7 32. c4 f5 33. Bc2 f4 34.
Bf2 Bf8 35. Be4 b5 36. Kc3 b4+ 37. Kd3 a5 38. Bb6 g5 39. Bxa5 Bc5 40. Bc7 Kf6
41. Bd5 Bh3 42. Bd8+ Kg6 43. Be4+ Kh5 44. Bd5 Bf5+ 45. Be4 Bh3 46. Bd5 Bg2 47.
Ke4 Bd4 48. Bf7+ Kh6 49. Be7 g4 50. Bf8+ Kh7 51. Kf5 gxf3 52. Bg6+ Kg8 53. Bh6
f2 54. Ke6 Bh3+ 55. Ke7 f1=Q 56. Bf7+ Kh7 57. Bg5 Bc5+ 0-1

[Event "Women's Speed Chess Q3"]
[Site "chess.com INT"]
[Date "2021.05.30"]
[Round "2"]
[White "Cori T., Deysi"]
[Black "Mkrtchian, Lilit"]
[Result "1-0"]
[WhiteTitle "WGM"]
[BlackTitle "IM"]
[WhiteElo "2388"]
[BlackElo "2388"]
[WhiteFideId "3801934"]
[BlackFideId "13300601"]
[EventDate "2021.05.30"]

1. d4 Nf6 2. Nf3 d5 3. e3 e6 4. c4 Be7 5. Nbd2 O-O 6. Bd3 b6 7. O-O Bb7 8. Qc2
Nbd7 9. e4 dxe4 10. Nxe4 Nxe4 11. Bxe4 Bxe4 12. Qxe4 Nf6 13. Qe2 c5 14. Rd1 Qc7
15. Bg5 Rfd8 16. h3 h6 17. Be3 Rac8 18. Rac1 cxd4 19. Nxd4 Bc5 20. Nb5 Qb7 21.
Bxc5 bxc5 22. Nd6 Qc6 23. Nxc8 Rxc8 24. Qd3 Rb8 25. b3 a5 26. Qd6 Qc8 27. Rd3 a4
28. Rcd1 axb3 29. Qd8+ Qxd8 30. Rxd8+ Rxd8 31. Rxd8+ Kh7 32. axb3 Ne4 33. f3 Nc3
34. Kf2 Kg6 35. Ke3 Kf5 36. Rc8 Nd1+ 37. Kd2 Nf2 38. Ke2 Nh1 39. Rxc5+ e5 40.
Rc7 Ng3+ 41. Kf2 Nh5 42. Rxf7+ Ke6 43. Rc7 g5 44. b4 Nf4 45. b5 Kd6 46. b6 Nd3+
47. Ke3 Nc5 48. Rxc5 Kxc5 49. b7 Kxc4 50. b8=Q Kc5 51. Qxe5+ Kc6 52. Qf6+ Kd7
53. Qxh6 Ke7 54. Qxg5+ Ke6 55. Qg6+ Kd5 56. h4 Kc4 57. Qd6 Kb5 58. Qc7 Kb4 59.
h5 Kb3 60. h6 Kb2 61. h7 Kb1 62. h8=Q Ka2 63. Qhb8 Ka3 64. Qca7# 1-0

[Event "Women's Speed Chess Q3"]
[Site "chess.com INT"]
[Date "2021.05.30"]
[Round "2"]
[White "Pandey, Srishti"]
[Black "Nomin-Erdene, Davaademberel"]
[Result "0-1"]
[WhiteTitle "WFM"]
[BlackTitle "IM"]
[WhiteElo "2026"]
[BlackElo "2382"]
[WhiteFideId "35093290"]
[BlackFideId "4900782"]
[EventDate "2021.05.30"]

1. e4 c6 2. d4 d5 3. Nd2 dxe4 4. Nxe4 Bf5 5. Ng3 Bg6 6. h4 h6 7. Nh3 Nf6 8. Nf4
Bh7 9. Bc4 Nbd7 10. c3 Nb6 11. Bb3 Qd7 12. O-O Rd8 13. Re1 Qg4 14. Qxg4 Nxg4 15.
Bd2 e6 16. Ngh5 Nf6 17. Nxf6+ gxf6 18. Bxe6 fxe6 19. Nxe6 Be7 20. Bxh6 Rd7 21.
Nc5 Rd5 22. Bg7 Rg8 23. Bxf6 Nc8 24. Re3 Kd8 25. Bxe7+ Nxe7 26. g3 b6 27. Ne6+
Kd7 28. Ng5 Bg6 29. Rae1 Nf5 30. Re5 Rxe5 31. Rxe5 Nd6 32. Nh3 Nc4 33. Re2 Bd3
34. Re1 Nxb2 35. Nf4 Bf5 36. h5 Na4 37. Re3 c5 38. dxc5 Nxc5 39. h6 Rh8 40. h7
Rxh7 41. Kg2 Rf7 42. f3 Ne6 43. Nxe6 Bxe6 44. g4 Bxa2 45. Rd3+ Kc6 46. Rd4 a5
47. Ra4 Bd5 48. Ra3 Rxf3 49. Kh2 Rf4 50. c4 Rxc4 51. Kg3 Be6 52. g5 Rg4+ 53. Kf3
Rxg5 54. Rc3+ Rc5 55. Kf4 Bd5 56. Rh3 a4 57. Rh6+ Kb5 58. Ke5 Bb3+ 59. Kd4 a3
60. Rh8 a2 61. Ra8 Ba4 62. Kd3 a1=Q 63. Rxa4 Qxa4 64. Kd2 Qa3 65. Kd1 Qb2 66.
Ke1 Rc1# 0-1

[Event "Women's Speed Chess Q3"]
[Site "chess.com INT"]
[Date "2021.05.30"]
[Round "2"]
[White "Novikova, Anna"]
[Black "Grigoryan, Meri"]
[Result "1-0"]
[WhiteTitle "WIM"]
[BlackTitle "WFM"]
[WhiteElo "2247"]
[BlackElo "2044"]
[WhiteFideId "4146794"]
[BlackFideId "13300571"]
[EventDate "2021.05.30"]

1. e4 c6 2. d4 d5 3. exd5 cxd5 4. c4 Nf6 5. Nc3 Nc6 6. Nf3 Bg4 7. cxd5 Nxd5 8.
Qb3 Nxc3 9. bxc3 Qb6 10. Be2 Qxb3 11. axb3 e6 12. h3 Bf5 13. Be3 Bd6 14. O-O O-O
15. Rfc1 Rfc8 16. Nd2 a6 17. g4 Bg6 18. b4 b5 19. h4 h6 20. h5 Bh7 21. Bf3 e5
22. Nb3 exd4 23. Nxd4 Nxd4 24. Bxd4 Rab8 25. Rxa6 Bxb4 26. Be5 Be7 27. Bxb8 Rxb8
28. Ra8 Rxa8 29. Bxa8 Bd3 30. Bf3 Bc4 31. Rd1 g6 32. Rd7 Bc5 33. Bd5 Bxd5 34.
Rxd5 Be7 35. Rxb5 gxh5 36. gxh5 Kg7 37. Kg2 Kf6 38. Rb7 Bd6 39. Kf3 Ke5 40. Rb5+
Ke6 41. Ke4 f5+ 42. Kd4 Bc7 43. Rc5 Bh2 44. Kc4 Bg1 45. Rc6+ Ke5 46. Rxh6 Bxf2
47. Rh7 f4 48. Kd3 Bc5 49. Ke2 Ke4 50. Kf1 f3 51. Rc7 Bd6 52. Rc6 Bf4 53. h6 Ke3
54. h7 Be5 55. Re6 Kf4 56. Rxe5 Kxe5 57. h8=Q+ 1-0

[Event "Women's Speed Chess Q3"]
[Site "chess.com INT"]
[Date "2021.05.30"]
[Round "2"]
[White "Berend, Elvira"]
[Black "Ambartsumova, Karina"]
[Result "0-1"]
[WhiteTitle "WGM"]
[BlackTitle "IM"]
[WhiteElo "2326"]
[BlackElo "2382"]
[WhiteFideId "4000510"]
[BlackFideId "4166299"]
[EventDate "2021.05.30"]

1. e4 c5 2. Nf3 e6 3. d4 cxd4 4. Nxd4 a6 5. Nc3 Qc7 6. Bd3 Nf6 7. O-O Nc6 8.
Nxc6 dxc6 9. f4 Bc5+ 10. Kh1 e5 11. fxe5 Ng4 12. Qf3 O-O 13. Bf4 Nxe5 14. Qg3 f6
15. Rae1 Be6 16. h3 Rae8 17. a3 b5 18. Nd1 a5 19. Ne3 Bd4 20. b3 Bc3 21. Rd1 Qe7
22. a4 bxa4 23. bxa4 Rb8 24. Nf5 Bxf5 25. exf5 Rb4 26. Be2 Qc5 27. Be3 Bd4 28.
Bf4 Rxa4 29. Bd3 Ra3 30. Bxe5 Bxe5 31. Qf3 Rc3 32. Qe4 a4 33. Qxa4 Qe3 34. Qa2+
Kh8 35. Rf3 Qg5 36. Rdf1 Rd8 37. Qe6 Ra3 38. Qe7 Raa8 39. Qe6 Rac8 40. Qc4 c5
41. Qe6 Rc7 42. Bc4 Qd2 43. Rd3 Qxd3 44. cxd3 Rcc8 45. Rb1 Bd4 46. h4 Re8 47.
Qf7 Rf8 48. Qd5 Rfd8 49. Qe4 Re8 50. Be6 Rb8 51. h5 Rxb1+ 52. Kh2 h6 53. Qc6
Rbb8 54. Qd7 Rbd8 55. Qf7 Rf8 56. Qc7 Be5+ 57. Qxe5 fxe5 58. Kg3 Rxd3+ 0-1

[Event "Women's Speed Chess Q3"]
[Site "chess.com INT"]
[Date "2021.05.30"]
[Round "2"]
[White "Morris-Suzuki, Sophie"]
[Black "Antonova, Nadezhda"]
[Result "1-0"]
[WhiteTitle "WFM"]
[BlackTitle "WFM"]
[WhiteElo "2043"]
[BlackElo "1877"]
[WhiteFideId "30922615"]
[BlackFideId "14700182"]
[EventDate "2021.05.30"]

1. e4 d6 2. Nc3 Nf6 3. d4 e5 4. Nf3 Nbd7 5. Bc4 Be7 6. O-O O-O 7. h3 c6 8. a4 b6
9. Ba2 Bb7 10. Qe2 a6 11. Rd1 Qc7 12. Nh4 g6 13. Bh6 Rfe8 14. Nf3 Bf8 15. Be3 b5
16. dxe5 dxe5 17. Ng5 Re7 18. Rd2 h6 19. Nf3 b4 20. Nd1 Nxe4 21. Rd3 Ndc5 22.
Bxc5 Nxc5 23. Re3 Bg7 24. Qc4 Qb6 25. Bb3 Nxb3 26. Rxb3 a5 27. Ne3 Rae8 28. Rd1
Qc7 29. Rbd3 Kh7 30. R3d2 f5 31. Rd6 c5 32. R6d2 Bxf3 33. gxf3 f4 34. Nd5 Qc8
35. Nxe7 Rxe7 36. Kh2 Qf5 37. Qf1 Qh5 38. Qg2 e4 39. fxe4 f3 40. Qg4 Be5+ 41.
Kh1 Qxg4 42. hxg4 Bd4 43. Kh2 Kg7 44. Kg3 Kf6 45. Kxf3 Ke5 46. c3 Rf7+ 47. Kg3
bxc3 48. bxc3 Bxc3 49. Rd5+ Kxe4 50. Rxc5 Bb4 51. Rc4+ Ke5 52. Rd3 g5 53. Re3+
Kd5 54. Rce4 Rc7 55. Re6 Rc6 56. Rxc6 Kxc6 57. Re6+ Kc5 58. Rxh6 Bd2 59. Rg6 Kb4
60. Kf3 Kxa4 61. Rd6 Bf4 62. Rd4+ 1-0

[Event "Women's Speed Chess Q3"]
[Site "chess.com INT"]
[Date "2021.05.30"]
[Round "2"]
[White "Paehtz, Elisabeth"]
[Black "Agrest, Inna"]
[Result "1-0"]
[WhiteTitle "IM"]
[BlackTitle "WIM"]
[WhiteElo "2456"]
[BlackElo "2285"]
[WhiteFideId "4641833"]
[BlackFideId "1708830"]
[EventDate "2021.05.30"]

1. d4 Nf6 2. Nf3 g6 3. Bg5 Bg7 4. c3 O-O 5. Nbd2 d5 6. e3 c5 7. Be2 Nc6 8. O-O
Bf5 9. Qb3 b6 10. Qa3 c4 11. b3 b5 12. Qa6 Qd7 13. Qxb5 Ne4 14. Nxe4 Bxe4 15.
bxc4 dxc4 16. Qxc4 Rac8 17. Qb3 Na5 18. Qb2 Nc4 19. Bxc4 Rxc4 20. Nd2 Bd3 21.
Nxc4 Bxc4 22. Bf4 Bd5 23. Bg3 h5 24. Rab1 Qf5 25. f3 Qd3 26. e4 Ba8 27. Rbd1 Qa6
28. Qb4 Rc8 29. Qxe7 Qxa2 30. Rf2 Qb3 31. Rdf1 Qxc3 32. Be5 Bxe5 33. Qxe5 a5 34.
h4 a4 35. Qb5 a3 36. Qa6 Rd8 37. d5 Kg7 38. Ra2 Qd4+ 39. Kh1 Qe5 40. Qxa3 Qg3
41. Qe3 Qxh4+ 42. Kg1 Qf6 43. Rd2 Qe7 44. Qd4+ Kg8 45. d6 Qd7 46. e5 Bc6 47. Re1
Qe6 48. Qf4 Bd7 49. Qf6 Qb3 50. Rde2 Rf8 51. Re3 Qb6 52. e6 Bxe6 53. Kh1 Bd7 54.
Re7 Bc6 55. d7 Qc7 56. Re8 Bxd7 57. Rxf8+ Kxf8 58. Re7 Be6 59. Rxe6 Qc1+ 60. Kh2
Qc7+ 61. f4 Qc2 62. Qh8# 1-0

[Event "Women's Speed Chess Q3"]
[Site "chess.com INT"]
[Date "2021.05.30"]
[Round "2"]
[White "Zaksaite, Salomeja"]
[Black "Luong, Phuong Hanh"]
[Result "0-1"]
[WhiteTitle "WIM"]
[BlackTitle "WIM"]
[WhiteElo "2202"]
[BlackElo "2229"]
[WhiteFideId "12801496"]
[BlackFideId "12401013"]
[EventDate "2021.05.30"]

1. g3 d5 2. Bg2 g6 3. d3 Bg7 4. e3 Nf6 5. Ne2 O-O 6. O-O c5 7. b3 Nc6 8. Bb2 e5
9. Nd2 Be6 10. h3 Qd7 11. Kh2 Rfe8 12. a3 Rad8 13. Qb1 b6 14. Qa2 Qc7 15. Rae1
Nh5 16. Qa1 Nf6 17. f4 Nd7 18. Nf3 d4 19. e4 exf4 20. gxf4 Bh6 21. Bc1 Nf6 22.
Bd2 Nh5 23. Qc1 Ne7 24. Kg1 Ng7 25. f5 Bxd2 26. Qxd2 gxf5 27. e5 Ng6 28. Nf4
Nxf4 29. Qxf4 Kh8 30. Ng5 h6 31. Qh4 h5 32. Bf3 Kg8 33. Bxh5 Qc6 34. Bf3 Bd5 35.
Qh7+ Kf8 36. Qh8+ Ke7 37. Qxg7 Rg8 38. Qf6+ Qxf6 39. exf6+ Kxf6 40. h4 Bxf3 41.
Rxf3 Kg6 42. Kf2 f6 43. Nh3 Kf7 44. Nf4 Rg4 45. h5 Rdg8 46. Rh1 Kg7 47. h6+ Kh7
48. Nh5 Rf8 49. Nf4 Rg5 50. Nh3 Rh5 51. Kg2 Rg8+ 52. Rg3 Rxg3+ 53. Kxg3 Rxh6 54.
Nf2 Rxh1 55. Nxh1 Kg6 56. Kf4 Kf7 57. Ng3 Ke7 58. Nxf5+ Ke6 59. Ng3 Kd5 60. Kf5
b5 0-1

[Event "Women's Speed Chess Q3"]
[Site "chess.com INT"]
[Date "2021.05.30"]
[Round "2"]
[White "Samaganova, Alexandra"]
[Black "Sikorova, Olga"]
[Result "0-1"]
[WhiteTitle "WFM"]
[BlackTitle "WGM"]
[WhiteElo "1993"]
[BlackElo "2215"]
[WhiteFideId "13800221"]
[BlackFideId "307033"]
[EventDate "2021.05.30"]

1. c4 Nf6 2. Nc3 g6 3. g3 Bg7 4. Bg2 O-O 5. e4 d6 6. Nge2 c5 7. O-O Nc6 8. d3
Ne8 9. a3 Nc7 10. Rb1 a5 11. Be3 Ne6 12. Nd5 Ned4 13. b4 axb4 14. axb4 e6 15.
Bxd4 Nxd4 16. Ne3 b6 17. bxc5 bxc5 18. Nxd4 Bxd4 19. Nc2 Bg7 20. d4 cxd4 21.
Nxd4 Ra2 22. Nb5 Ba6 23. Nxd6 Be5 24. Nb5 Qc8 25. Qb3 Rd2 26. Rfd1 Rfd8 27. Rxd2
Rxd2 28. h4 Qc5 29. Rf1 Rb2 30. Qd3 Bxb5 31. cxb5 Rxb5 32. Qd8+ Kg7 33. Qg5 h6
34. Qd2 Bxg3 35. h5 g5 36. Kh1 Be5 37. Qe2 Rb2 38. Qf3 Bf4 39. Kg1 Qd4 40. Kh1
Be5 41. Kg1 Qd2 42. Kh1 Bd4 43. Kg1 Be5 44. Kh1 Qf4 45. Qxf4 Bxf4 46. Kg1 Kf6
47. Bf3 Bc7 48. Kg2 Bb6 49. Kg3 Ke5 50. Kg2 f5 51. exf5 exf5 52. Ba8 Kf4 53. Bc6
g4 54. Be8 g3 55. Kg1 Bxf2+ 56. Kh1 Kg5 57. Bg6 f4 58. Kg2 Kg4 59. Kh1 f3 60.
Bf5+ Kxf5 61. Rc1 g2+ 62. Kh2 g1=Q+ 63. Rxg1 Bxg1+ 64. Kh3 Kf4 65. Kh4 f2 66.
Kh3 f1=Q+ 67. Kh4 Qf2+ 68. Kh3 Qg3# 0-1